| 000 | 00879nam a2200217 u 4500 | ||
|---|---|---|---|
| 005 | 20240222063602.0 | ||
| 008 | 190605s2000 r 000 0 eng d | ||
| 020 | _a9789701858035 | ||
| 035 | _aUPN01000230998 | ||
| 049 | _aCG | ||
| 050 | 4 |
_aLB1578.433 T5.3-4 _bE3.8 |
|
| 245 | 0 | 3 |
_aLa educación intercultural bilingüe : _bcuaderno de trabajo para las niñas y los niños de educación primaria indígena : tercero y cuarto grados : Me' phaa de Guerrero / _ccoord. Víctor D. Mora Sandoval. |
| 260 |
_aMéxico : _bSEP, Dirección General de Educación Indígena, _c2000. |
||
| 300 |
_a215 p. : _bil. col. |
||
| 650 | 4 |
_aTLAPANECA - _vLIBROS DE TEXTO _924305 |
|
| 650 | 4 |
_aEducación bilingüe _zMéxico _915022 |
|
| 650 | 4 |
_aTlapaneco _xEstudio y enseñanza (Elemental) _915636 |
|
| 700 | 1 |
_aMora Sandoval, Víctor D., _ecoord. _931577 |
|
| 905 | _aLibro | ||
| 999 |
_c203093 _d203093 |
||